000 00342 a2200169 4500
001 172530
020 _a85-08-03767-8
040 _cMagnum
100 _aFrança, Mary
240 1 0 _aGato com frio
_lpor
245 1 0 _aGato com frio
300 _a16
362 0 _a1997
440 1 _aÁtica
697 _aLITERATURA INFANTIL
942 _cBK
999 _c172530
_d172530